[Event "BAN-ch 47th"]
[Site "Dhaka"]
[Date "2022.12.29"]
[Round "13"]
[White "Islam, Khandaker Aminul"]
[Black "Manon, Reja Neer"]
[Result "1-0"]
[WhiteElo "2156"]
[BlackElo "2215"]
[PlyCount "67"]
[EventDate "2022.12.15"]
[EventType "tourn"]
[EventRounds "13"]
[EventCountry "BAN"]
[EventCategory "1"]
[SourceTitle "CBM 212 Extra"]
[Source "ChessBase"]
[SourceDate "2023.03.31"]
[SourceVersion "1"]
[SourceVersionDate "2023.03.31"]
[SourceQuality "1"]

1. d4 Nf6 2. Nf3 e6 3. Bg5 d5 4. e3 Be7 5. c4 0-0 6. Nc3 c6 7. Bd3 Nbd7 8. 0-0 h6 9. Bh4 b6 10. Rc1 Bb7 11. cxd5 cxd5 12. Nb5 a6 13. Nc7 Ra7 14. Qa4 g5 15. Bg3 Nh5 16. Nb5 Nxg3 17. Nxa7 Nxf1 18. Bxf1 Nb8 19. Ne5 Bd6 20. Qc2 Qf6 21. Qb3 b5 22. a4 Qd8 23. Nac6 Qc7 24. axb5 Bxe5 25. dxe5 axb5 26. Nxb8 Qxc1 27. Nd7 Ra8 28. Nf6+ Kf8 29. Qb4+ Kg7 30. Qe7 Ra1 31. Nh5+ Kg6 32. Qf6+ Kxh5 33. Qxf7+ Kh4 34. g3+ 1-0

[Event "BAN-chB 47th"]
[Site "Dhaka"]
[Date "2022.11.01"]
[Round "6"]
[White "Shafiqul, Islam2222"]
[Black "Islam, Khandaker Aminul"]
[Result "0-1"]
[WhiteElo "1846"]
[BlackElo "2153"]
[PlyCount "78"]
[EventDate "2022.10.27"]
[EventType "swiss"]
[EventRounds "11"]
[EventCountry "BAN"]
[SourceTitle "EXT 2024"]
[Source "ChessBase"]
[SourceDate "2023.10.10"]
[SourceVersion "1"]
[SourceVersionDate "2023.10.10"]
[SourceQuality "1"]

1. e3 Nf6 2. Nf3 d5 3. d4 c5 4. Nbd2 Nc6 5. a3 cxd4 6. exd4 g6 7. b4 Bg7 8. Bb2 0-0 9. Bd3 Nh5 10. 0-0 Nf4 11. Re1 Nxd3 12. cxd3 Bg4 13. h3 Bxf3 14. Nxf3 e6 15. Rc1 Qd6 16. Ne5 Rfc8 17. Qf3 Nxe5 18. Rxc8+ Rxc8 19. dxe5 Qa6 20. Qd1 Bh6 21. g3 Qc6 22. Bd4 b6 23. Kf1 Qd7 24. f4 Bf8 25. g4 Qb5 26. Re2 a5 27. bxa5 Qxa5 28. Qb3 Rc1+ 29. Kf2 Bc5 30. Be3 Rc3 31. Qb1 Qxa3 32. Ra2 Bxe3+ 33. Kxe3 Rxd3+ 34. Qxd3 Qxa2 35. f5 Qh2 36. Qd4 Qg1+ 37. Kd3 Qxd4+ 38. Kxd4 gxf5 39. gxf5 Kg7 0-1

[Event "Dhaka Marcel op"]
[Site "Dhaka"]
[Date "2022.04.20"]
[Round "2"]
[White "Md Abu, Hanif"]
[Black "Islam, Khandaker Aminul"]
[Result "1/2-1/2"]
[WhiteElo "2020"]
[BlackElo "2176"]
[PlyCount "147"]
[EventDate "2022.04.19"]
[EventType "swiss"]
[EventRounds "9"]
[EventCountry "BAN"]
[SourceTitle "EXT 2023"]
[Source "ChessBase"]
[SourceDate "2022.10.05"]
[SourceVersion "1"]
[SourceVersionDate "2022.10.05"]
[SourceQuality "1"]

1. d4 Nf6 2. Nf3 g6 3. g3 Bg7 4. Bg2 d6 5. c3 Nbd7 6. Na3 c5 7. Nc2 Rb8 8. a4 b6 9. 0-0 Bb7 10. Re1 0-0 11. Nh4 Bxg2 12. Nxg2 Qc7 13. d5 a6 14. e4 b5 15. axb5 axb5 16. Qe2 Rfe8 17. f3 Rb7 18. Bd2 Ne5 19. Kh1 Reb8 20. Nge3 Qc8 21. Kg2 h5 22. Ra5 e6 23. dxe6 Qxe6 24. Rea1 d5 25. exd5 Nxd5 26. Nxd5 Qxd5 27. Bf4 Re8 28. Ra8 Rbe7 29. Rxe8+ Rxe8 30. Re1 Re6 31. Bxe5 Rxe5 32. Qf2 Rxe1 33. Nxe1 Qd1 34. Kf1 c4 35. Qe2 Qb3 36. Qc2 b4 37. Qc1 bxc3 38. bxc3 Bxc3 39. Nc2 Bf6 40. Qd1 h4 41. Ke2 h3 42. Ne3 Qb2+ 43. Qc2 c3 44. Kd1 Bd4 45. Nd5 Qa1+ 46. Ke2 Qa6+ 47. Ke1 Qe6+ 48. Qe4 Bf2+ 49. Kd1 Qxe4 50. Nf6+ Kg7 51. Nxe4 Bg1 52. Ng5 Bxh2 53. g4 Be5 54. Nxh3 Kf6 55. Kc2 Bd4 56. Kd3 Ke5 57. f4+ Kd5 58. Ng5 f6 59. Nf3 Bf2 60. g5 fxg5 61. Nxg5 Bg3 62. Ne4 Bxf4 63. Nxc3+ Ke5 64. Ke2 Kf5 65. Kf3 g5 66. Kg2 Bd2 67. Nd1 Be1 68. Ne3+ Ke4 69. Nf1 Bb4 70. Nh2 Bd6 71. Nf3 g4 72. Ng5+ Ke3 73. Nh3 gxh3+ 74. Kxh3 1/2-1/2

[Event "Dhaka Walton op"]
[Site "Dhaka"]
[Date "2022.04.11"]
[Round "8"]
[White "Islam, Khandaker Aminul"]
[Black "Asif, Mahmud"]
[Result "1-0"]
[WhiteElo "2176"]
[BlackElo "1928"]
[PlyCount "71"]
[EventDate "2022.04.04"]
[EventType "swiss"]
[EventRounds "9"]
[EventCountry "BAN"]
[SourceTitle "CBM 207 Extra"]
[Source "ChessBase"]
[SourceDate "2022.05.31"]
[SourceVersion "1"]
[SourceVersionDate "2022.05.31"]
[SourceQuality "1"]

1. d4 Nf6 2. Bg5 d5 3. e3 e6 4. f4 c5 5. c3 Nbd7 6. Nd2 Qc7 7. Nh3 Bd6 8. Bd3 h6 9. Bxf6 Nxf6 10. 0-0 Bd7 11. Nf3 a6 12. Ne5 Bb5 13. Nf2 Bxd3 14. Nfxd3 c4 15. Nf2 0-0-0 16. b3 Kb8 17. bxc4 dxc4 18. Qf3 Nd5 19. Nd1 g5 20. Rb1 f6 21. Ng6 Rhg8 22. f5 exf5 23. Qxf5 Qg7 24. e4 Nc7 25. e5 Ba3 26. Qe4 Nd5 27. Rxf6 Nxf6 28. exf6 Qc7 29. Ne5 Rge8 30. Ne3 b5 31. Nc2 Bd6 32. f7 Rxe5 33. dxe5 Bxe5 34. Nb4 Kc8 35. Qf5+ Kb7 36. Qf3+ 1-0

[Event "Dhaka Walton op"]
[Site "Dhaka"]
[Date "2022.04.06"]
[Round "3"]
[White "Mukitul, Islam Ripon"]
[Black "Islam, Khandaker Aminul"]
[Result "0-1"]
[WhiteElo "1932"]
[BlackElo "2176"]
[PlyCount "120"]
[EventDate "2022.04.04"]
[EventType "swiss"]
[EventRounds "9"]
[EventCountry "BAN"]
[SourceTitle "CBM 207 Extra"]
[Source "ChessBase"]
[SourceDate "2022.05.31"]
[SourceVersion "1"]
[SourceVersionDate "2022.05.31"]
[SourceQuality "1"]

1. e4 e5 2. Nf3 Nc6 3. Bc4 Bc5 4. c3 Nf6 5. d4 exd4 6. cxd4 Bb4+ 7. Nc3 d5 8. exd5 Nxd5 9. 0-0 Bxc3 10. bxc3 0-0 11. Qd3 Nce7 12. Ba3 Bf5 13. Qd2 Re8 14. Rfe1 c6 15. Nh4 Be6 16. Bd3 Qa5 17. Bb2 Ng6 18. Nxg6 hxg6 19. Qg5 Bd7 20. Bc4 Bf5 21. Bb3 Qc7 22. Qd2 Qf4 23. Bc1 Qh4 24. Bc4 Nf6 25. Ba3 Ne4 26. Qb2 b5 27. Bf1 Re6 28. f3 Nf6 29. Rxe6 Bxe6 30. Be7 Qf4 31. Re1 Nd5 32. Bc5 Nb6 33. a3 Na4 34. Qe2 Nxc5 35. dxc5 Qg5 36. Qf2 Rd8 37. f4 Qd5 38. Be2 Qa2 39. Bf3 Rd2 40. Qe3 Bd5 41. Qe8+ Kh7 42. Qe3 Rxg2+ 43. Kf1 Rxh2 44. Bxd5 Qxd5 45. Qe4 Rh1+ 46. Kf2 Qxc5+ 47. Kg2 Rxe1 48. Qxe1 Qxa3 49. Qh4+ Kg8 50. Qd8+ Qf8 51. Qc7 Qe8 52. Kf3 f5 53. Kf2 Kh7 54. Qxa7 Qe4 55. Qc7 Qc2+ 56. Kg3 Qxc3+ 57. Kf2 Qd2+ 58. Kf3 Qd5+ 59. Kf2 Qd4+ 60. Kg3 Qe3+ 0-1

[Event "BAN-chT"]
[Site "Dhaka"]
[Date "2022.03.20"]
[Round "11.6"]
[White "Islam, Khandaker Aminul"]
[Black "Sankalp, Gupta"]
[Result "0-1"]
[WhiteElo "2153"]
[BlackElo "2536"]
[PlyCount "56"]
[EventDate "2022.03.10"]
[EventType "team-tourn"]
[EventRounds "11"]
[EventCountry "BAN"]
[SourceTitle "CBM 207 Extra"]
[Source "ChessBase"]
[SourceDate "2022.05.31"]
[SourceVersion "1"]
[SourceVersionDate "2022.05.31"]
[SourceQuality "1"]
[WhiteTeam "Bangladesh Navy"]
[BlackTeam "Rupali Bank Krira Parisad"]
[WhiteTeamCountry "BAN"]
[BlackTeamCountry "BAN"]

1. d4 Nf6 2. Nf3 d5 3. Bf4 c5 4. e3 Nc6 5. Nbd2 Bg4 6. c3 e6 7. Qb3 Qc8 8. Ne5 Nxe5 9. Bxe5 Nd7 10. Qa4 cxd4 11. Bxd4 Bh5 12. e4 dxe4 13. Nxe4 Qc7 14. Ng3 Bg6 15. Rd1 a6 16. Be2 0-0-0 17. 0-0 Nc5 18. Bxc5 Bxc5 19. b4 Ba7 20. c4 h5 21. Rxd8+ Rxd8 22. Bxh5 Bxh5 23. Nxh5 g6 24. Ng3 Qxc4 25. Qa3 Kb8 26. Qb2 Bb6 27. a3 Qf4 28. Ne2 Qxf2+ 0-1

[Event "BAN-ch 46th"]
[Site "Dhaka"]
[Date "2022.01.03"]
[Round "7"]
[White "Islam, Khandaker Aminul"]
[Black "Md, Sharif Hossain"]
[Result "1-0"]
[WhiteElo "2155"]
[BlackElo "2211"]
[PlyCount "161"]
[EventDate "2021.12.27"]
[EventType "tourn"]
[EventRounds "13"]
[EventCountry "BAN"]
[EventCategory "1"]
[SourceTitle "EXT 2023"]
[Source "ChessBase"]
[SourceDate "2022.10.05"]
[SourceVersion "1"]
[SourceVersionDate "2022.10.05"]
[SourceQuality "1"]

1. d4 d5 2. c4 e6 3. Nc3 Nf6 4. Nf3 Nbd7 5. cxd5 exd5 6. Bg5 Be7 7. e3 0-0 8. Qc2 Re8 9. Bd3 h6 10. Bf4 a6 11. 0-0 Bd6 12. Bxd6 cxd6 13. Qb3 Nb6 14. a4 Be6 15. Rfc1 Nc4 16. Rc2 Re7 17. Qa2 Na5 18. Nd2 Rc8 19. Rac1 Rec7 20. b4 Nc4 21. Nf1 b6 22. Ne2 Qd7 23. Nf4 b5 24. Ra1 Bf5 25. Bxf5 Qxf5 26. Ng3 Qh7 27. Rcc1 g5 28. Ngh5 Nxh5 29. Nxh5 Qg6 30. Ng3 h5 31. axb5 axb5 32. Nf1 g4 33. Qe2 h4 34. Re1 f5 35. Kh1 Re7 36. Qa2 Rb8 37. Qb1 Qe6 38. Qd3 Kg7 39. f3 Rbe8 40. Ra2 f4 41. fxg4 fxe3 42. h3 Qe4 43. Qc3 Qf4 44. Rae2 Re4 45. Nh2 Qf6 46. Nf3 Rf4 47. Rxe3 Rxe3 48. Rxe3 Nxe3 49. Qxe3 Re4 50. Qd3 Re7 51. Qxb5 Ra7 52. Qf1 Qf4 53. Qe1 Rc7 54. Ng1 Qg3 55. Qd2 Kg6 56. Nf3 Ra7 57. Qg5+ Kf7 58. Qxd5+ Ke7 59. Qg5+ Kf7 60. Qf5+ Ke8 61. Qh5+ Kd8 62. Qxh4+ Qxh4 63. Nxh4 Rb7 64. Nf5 Kd7 65. Kh2 Rxb4 66. Kg3 Ke6 67. Kf4 Rb8 68. h4 d5 69. g5 Rb2 70. g4 Rf2+ 71. Ke3 Rf1 72. h5 Rg1 73. Kf3 Kf7 74. g6+ Kf6 75. g7 Kf7 76. h6 Rh1 77. g5 Rf1+ 78. Kg4 Rg1+ 79. Kf4 Re1 80. g6+ Kg8 81. h7# 1-0

[Event "Dhaka Sheikh Russel op"]
[Site "Dhaka"]
[Date "2021.10.21"]
[Round "3"]
[White "Islam, Khandaker Aminul"]
[Black "Rahman, Ziaur"]
[Result "1-0"]
[WhiteElo "2182"]
[BlackElo "2431"]
[PlyCount "107"]
[EventDate "2021.10.19"]
[EventType "swiss"]
[EventRounds "9"]
[EventCountry "BAN"]
[SourceTitle "CBM 204 Extra"]
[Source "ChessBase"]
[SourceDate "2021.11.30"]
[SourceVersion "1"]
[SourceVersionDate "2021.11.30"]
[SourceQuality "1"]

1. d4 g6 2. Nf3 Bg7 3. g3 c5 4. d5 d6 5. Bg2 Nf6 6. 0-0 b5 7. Re1 Nbd7 8. a4 b4 9. a5 0-0 10. e4 Ba6 11. Bf1 Bxf1 12. Kxf1 Ng4 13. Nbd2 Qc8 14. Kg2 c4 15. Nf1 Nc5 16. Nd4 b3 17. Nc6 Re8 18. f3 Ne5 19. Nxe5 Bxe5 20. c3 Rb8 21. Re2 Qa6 22. Ne3 Bg7 23. h4 Nd3 24. h5 Rec8 25. Qh1 Nxc1 26. Rxc1 Qxa5 27. hxg6 hxg6 28. Qh4 Kf8 29. f4 Ke8 30. Qh7 Bf8 31. e5 Rb5 32. e6 fxe6 33. Qxg6+ Kd7 34. Qxe6+ Kc7 35. Rh1 Kb8 36. Rh8 Rbc5 37. Rg8 Rd8 38. g4 Rcc8 39. g5 Qa1 40. Qe4 e6 41. dxe6 d5 42. Nxd5 Bc5 43. Rxd8 Qg1+ 44. Kf3 Rxd8 45. Qe5+ Ka8 46. e7 Bxe7 47. Nc7+ Kb7 48. Qxe7 Rd3+ 49. Ke4 Qh1+ 50. Ke5 Qh8+ 51. Qf6 Qb8 52. Qg7 Kc6 53. Kf5 Rd7 54. Re7 1-0